<?xml version="1.0" encoding="UTF-8"?>
<record
    xmlns:xsi="http://www.w3.org/2001/XMLSchema-instance"
    xsi:schemaLocation="http://www.loc.gov/MARC21/slim http://www.loc.gov/standards/marcxml/schema/MARC21slim.xsd"
    xmlns="http://www.loc.gov/MARC21/slim">

  <leader>00645    a2200169   4500</leader>
  <controlfield tag="008">110623t        mx||||| |||| 00| 0 spa d</controlfield>
  <datafield tag="020" ind1=" " ind2=" ">
    <subfield code="a">9709836226</subfield>
  </datafield>
  <datafield tag="050" ind1="0" ind2="4">
    <subfield code="a">F1219 .3 .F6</subfield>
    <subfield code="b">C36 2006</subfield>
  </datafield>
  <datafield tag="100" ind1="1" ind2=" ">
    <subfield code="a">C&#xE1;rdenas Fernandez, Blanca </subfield>
  </datafield>
  <datafield tag="245" ind1="1" ind2="0">
    <subfield code="a">Tipolog&#xED;a : Cultura y relatos P'urh&#xE9;pecha</subfield>
    <subfield code="c">/ Blanca C&#xE1;rdenas Fern&#xE1;ndez.</subfield>
  </datafield>
  <datafield tag="260" ind1=" " ind2=" ">
    <subfield code="a">Morelia, Michoac&#xE1;n de Ocampo, M&#xE9;xico :</subfield>
    <subfield code="b">UMSNH, </subfield>
    <subfield code="c">2006.</subfield>
  </datafield>
  <datafield tag="300" ind1=" " ind2=" ">
    <subfield code="a">214 p. : </subfield>
    <subfield code="b">il. ;</subfield>
    <subfield code="c">21 cm.</subfield>
  </datafield>
  <datafield tag="504" ind1=" " ind2=" ">
    <subfield code="a">Incluye bibliografias </subfield>
  </datafield>
  <datafield tag="650" ind1=" " ind2="7">
    <subfield code="2">Lemb</subfield>
    <subfield code="a">Historia </subfield>
    <subfield code="x">P'urh&#xE9;pecha </subfield>
    <subfield code="z">Michoac&#xE1;n de Ocampo, (M&#xE9;xico) </subfield>
  </datafield>
  <datafield tag="650" ind1=" " ind2="7">
    <subfield code="2">Lemb</subfield>
    <subfield code="a">Cultura </subfield>
    <subfield code="x">P'urh&#xE9;pecha</subfield>
    <subfield code="z">Michoac&#xE1;n de Ocampo, (M&#xE9;xico)</subfield>
  </datafield>
  <datafield tag="942" ind1=" " ind2=" ">
    <subfield code="2">lcc</subfield>
    <subfield code="c">LIB</subfield>
  </datafield>
  <datafield tag="999" ind1=" " ind2=" ">
    <subfield code="c">9818</subfield>
    <subfield code="d">9818</subfield>
  </datafield>
  <datafield tag="952" ind1=" " ind2=" ">
    <subfield code="1">0</subfield>
    <subfield code="2">lcc</subfield>
    <subfield code="4">0</subfield>
    <subfield code="7">0</subfield>
    <subfield code="a">INV-033</subfield>
    <subfield code="b">INV-033</subfield>
    <subfield code="c">FM</subfield>
    <subfield code="d">2011-06-23</subfield>
    <subfield code="f">1a ed.</subfield>
    <subfield code="i">H</subfield>
    <subfield code="k">CSA</subfield>
    <subfield code="o">F1219 .3 .F6 C36 2006</subfield>
    <subfield code="p">IIH000000258</subfield>
    <subfield code="r">2011-06-23 00:00:00</subfield>
    <subfield code="t">C:1</subfield>
    <subfield code="v">1.00</subfield>
    <subfield code="y">LIB</subfield>
    <subfield code="z">MICHOAC&#xC1;N</subfield>
  </datafield>
  <datafield tag="952" ind1=" " ind2=" ">
    <subfield code="1">0</subfield>
    <subfield code="2">lcc</subfield>
    <subfield code="4">0</subfield>
    <subfield code="7">0</subfield>
    <subfield code="a">DEP-035-1</subfield>
    <subfield code="b">DEP-035-1</subfield>
    <subfield code="c">GENERAL</subfield>
    <subfield code="d">2024-11-25</subfield>
    <subfield code="e">DON</subfield>
    <subfield code="f">1a ed.</subfield>
    <subfield code="k">EH</subfield>
    <subfield code="l">0</subfield>
    <subfield code="o">F1219.3.F6 C36 2006</subfield>
    <subfield code="p">BDI000005707</subfield>
    <subfield code="r">2024-11-25 09:25:18</subfield>
    <subfield code="t">1</subfield>
    <subfield code="v">1.00</subfield>
    <subfield code="y">LIB</subfield>
  </datafield>
  <datafield tag="952" ind1=" " ind2=" ">
    <subfield code="1">0</subfield>
    <subfield code="2">lcc</subfield>
    <subfield code="4">0</subfield>
    <subfield code="7">6</subfield>
    <subfield code="a">LIC-017</subfield>
    <subfield code="b">LIC-017</subfield>
    <subfield code="c">GENERAL</subfield>
    <subfield code="d">2025-06-25</subfield>
    <subfield code="f">1a ed.</subfield>
    <subfield code="k">EH</subfield>
    <subfield code="l">0</subfield>
    <subfield code="o">F1219.3.F6 C36 2006</subfield>
    <subfield code="p">BIM000000025</subfield>
    <subfield code="r">2025-06-25 17:28:56</subfield>
    <subfield code="t">1</subfield>
    <subfield code="v">1.00</subfield>
    <subfield code="y">LIB</subfield>
  </datafield>
  <datafield tag="952" ind1=" " ind2=" ">
    <subfield code="1">0</subfield>
    <subfield code="2">lcc</subfield>
    <subfield code="4">0</subfield>
    <subfield code="7">0</subfield>
    <subfield code="a">LIC-017</subfield>
    <subfield code="b">LIC-017</subfield>
    <subfield code="c">GENERAL</subfield>
    <subfield code="d">2025-06-25</subfield>
    <subfield code="f">1a ed.</subfield>
    <subfield code="k">EH</subfield>
    <subfield code="l">0</subfield>
    <subfield code="o">F1219.3.F6 C36 2006</subfield>
    <subfield code="p">BIM000000026</subfield>
    <subfield code="r">2025-06-25 17:28:56</subfield>
    <subfield code="t">2</subfield>
    <subfield code="v">1.00</subfield>
    <subfield code="y">LIB</subfield>
  </datafield>
</record>
